|
|
|
|
| LEADER |
00000nam a2200000Ii 4500 |
| 001 |
DIGUAOCCTE0114 |
| 003 |
NyNyDIG |
| 006 |
m o d |
| 007 |
cr ||||||||||| |
| 008 |
250417s2024 ck a ob 000 0 spa d |
| 035 |
|
|
|a (OCoLC)1517262621
|
| 040 |
|
|
|a DGITA
|b eng
|e rda
|e pn
|c DGITA
|
| 020 |
|
|
|a 9788491445128
|q ePub
|q España
|
| 020 |
|
|
|a 9789586191739
|q pdf
|q Colombia
|
| 020 |
|
|
|a 9789586191722
|q ePub
|q Colombia
|
| 020 |
|
|
|z 9788491445111
|q impreso
|q España
|
| 050 |
1 |
4 |
|a QA76.76.I59 ebook
|
| 100 |
1 |
|
|a Peláez Ayala, Carlos Alberto,
|e author.
|
| 245 |
1 |
3 |
|a El libro didáctico de estrategias para la creación de experiencias multimedia interactivas /
|c autores, Carlos Alberto Peláez Ayala [and 4 others].
|
| 264 |
|
1 |
|a Cali, Valle del Cauca, Colombia :
|b Universidad Autónoma de Occidente ;
|a [Lérida, España] :
|b Universitat de Lleida,
|c 2024.
|
| 300 |
|
|
|a 1 online resource :
|b illustrations.
|
| 336 |
|
|
|a text
|b txt
|2 rdacontent
|
| 337 |
|
|
|a computer
|b c
|2 rdamedia
|
| 338 |
|
|
|a online resource
|b cr
|2 rdacarrier
|
| 347 |
|
|
|a text file
|2 rdaft
|
| 347 |
|
|
|b PDF
|
| 504 |
|
|
|a Includes bibliographical references.
|
| 588 |
0 |
|
|a Online resource; title from PDF title page (Digitalia, viewed April 17, 2025)
|
| 650 |
|
0 |
|a Interactive multimedia.
|
| 650 |
|
0 |
|a User-centered system design.
|
| 650 |
|
0 |
|a Creative ability.
|
| 776 |
0 |
8 |
|i Print version:
|a Peláez Ayala, Carlos Alberto.
|t Libro didáctico de estrategias para la creación de experiencias multimedia interactivas.
|d Cali, Valle del Cauca, Colombia : Universidad Autónoma de Occidente ; [Lérida, España] : Universitat de Lleida, 2024
|z 9788491445111
|
| 791 |
2 |
|
|a Digitalia (Firm),
|e distributor.
|
| 793 |
0 |
|
|g Digitalia eBook Collection:
|a Universidad Autónoma de Occidente
|
| 856 |
4 |
0 |
|3 Digitalia Hispánica
|u https://www.digitaliapublishing.com/a/171303/
|
| 910 |
|
|
|a Premium collection: 2025
|